000 00685nam a2200193 a 4500
005 20240502104141.0
008 141120t2014||||sp g |||| 000 0 spa d
020 _a9789508522733
041 _aspa
092 _c403
_l16
_sDIC
110 1 _aReal Academia Española
_93677
245 _aDiccionario de la Lengua Española.
_bT.2 (h-z) /
_cReal Academia Española.
250 _a23a ed.
260 _aBuenos Aires:
_bReal Academia Española ; Espasa;
_c2014.
300 _a1149- 2312 p.
500 _aReal Academia Española. (2014). Diccionario de la Lengua Española. T.2 H-Z (23a ed.). Buenos Aires : Real Academia Española ; Espasa.
653 _aDiccionario
942 _2ddc
_cBK
999 _c2111
_d2111